Logos in 15 Categories Quiz Stats

 Plays Quiz Updated Jul 31, 2017

Support Sporcle.
Go Orange.
Score 0/15 Timer 03:00
5 Plays Today
Category Logo % Correct
GamingPlayStation
96.1%
Just For FunToys R Us
91%
ScienceBluetooth
83.3%
MiscellaneousHyundai
81.9%
SportsPittsburgh Steelers
72%
EntertainmentThe Avengers
70.6%
HistoryBell System/AT&T
59%
GeographyTripAdvisor
52.8%
Category Logo % Correct
TelevisionDoctor Who
50.7%
MusicThe Grateful Dead
42.3%
LanguageDuolingo
36.2%
HolidayKwanzaa
34.8%
MoviesSony Pictures
27.2%
LiteratureRandom House
18.4%
ReligionBuddhism
16%

You're not logged in!

Compare scores with friends on all Sporcle quizzes.
OR
Log In
Forgot?

From the Vault

Athletes Close-Up

by weeps

You don't want to go get too close to some of these pro athletes, they get pretty sweaty.
Remove Ads.
Support Sporcle.
Get the best of Sporcle when you Go Orange. This ad-free experience offers more features, more stats, and more fun while also helping to support Sporcle. Thank you for becoming a member.

Show Comments

Extras

Top Quizzes Today


Score Distribution

Your Account Isn't Verified!

In order to create a playlist on Sporcle, you need to verify the email address you used during registration. Go to your Sporcle Settings to finish the process.

Report this User

Report this user for behavior that violates our Community Guidelines.

Details: